Papelucho casi huérfano
-д хадгалсан:
| Үндсэн зохиолч: | |
|---|---|
| Формат: | Ном |
| Хэл сонгох: | испани |
| Хэвлэсэн: |
Santiago
Universitaria
1997
|
| Цуврал: | Colección papelucho, 2
|
| Нөхцлүүд: | |
| Шошгууд: |
Шошго нэмэх
Шошго байхгүй, Энэхүү баримтыг шошголох эхний хүн болох!
|
MARC
| LEADER | 00000cam a2200000 a 4500 | ||
|---|---|---|---|
| 001 | UCH8283 | ||
| 003 | CL-VaPUC | ||
| 008 | 091127e19970000CL |||||||||||||||||spa|d | ||
| 020 | |a 9561111861 | ||
| 082 | 0 | 4 | |a Ch863 |b PAZ |2 21 |
| 100 | |a Paz, Marcela |e autora |9 881017 | ||
| 245 | 1 | 0 | |a Papelucho casi huérfano |
| 300 | |a 98 p | ||
| 942 | |c BK | ||
| 945 | |d 20091127 00:00:00 |a lazolas | ||
| 260 | |a Santiago |b Universitaria |c 1997 | ||
| 500 | |a Edición aniversario 50 años de Papelucho | ||
| 650 | 0 | |a Novelas chilenas |9 265425 | |
| 650 | 0 | |a Literatura chilena |9 308278 | |
| 583 | |a last modification |c 20130715 12:52:33 |k Rodrigo Vera | ||
| 490 | 0 | |a Colección papelucho, 2 | |
| 999 | |c 338513 |d 338511 | ||